| 000 | 00429pab a2200157 454500 | ||
|---|---|---|---|
| 008 | 180718b2007 xxu||||| |||| 00| 0 eng d | ||
| 100 | _aMahanta, Nani Gopal | ||
| 245 | _aIssues of self-determination and secession in Kashmir: implication for a multi-ethnic nation-state | ||
| 260 | _c2007 | ||
| 300 | _ap.152-67. | ||
| 362 | _aApr-Jun | ||
| 650 | _aSelf determination | ||
| 773 | _aDialogue | ||
| 908 | _aN | ||
| 909 | _a74467 | ||
| 999 |
_c74467 _d74467 |
||